|
|
|
|
| LEADER |
00000cam a2200000 7i4500 |
| 001 |
0000002183 |
| 005 |
20030320.0 |
| 090 |
0 |
0 |
|a 634.920285
|b CHU 1991
|
| 100 |
1 |
0 |
|a CHUNG
|h Kueh Shin
|
| 245 |
1 |
0 |
|a Data registries for growth and yield plots in ASEAN
|c technical report prepared by Chung Kueh Shin
|
| 260 |
0 |
0 |
|a Kuala Lumpur :
|b ASEAN Institiute of Forest Management ,
|c 1991
|
| 300 |
|
|
|a 34 p. ;
|c 29 cm.
|
| 500 |
0 |
0 |
|a Bibliography: p. 34
|
| 650 |
0 |
0 |
|a Crop yields
|z Asia, Southeastern
|x Data processing
|
| 650 |
0 |
0 |
|a Forest management
|z Asia, Southeastern
|x Computer programs
|
| 710 |
1 |
1 |
|a ASEAN Institute of Forest Management (AIFM)
|
| 998 |
|
|
|a JPSM
|
| 999 |
|
|
|a 0000003663
|b Monograph
|c Open Shelf
|e Default branch
|